An Analysis of the Common English Errors bakalárska práca

Saved in:
Bibliographic Details
Main Author: Gillerová, Nicole Victoria
Corporate Author: Fakulta aplikovaných jazykov EU v Bratislave. Katedra jazykovedy a translatológie
Other Authors: Stradiotová, Eva, 1963-
Format: Book
Language:English
Published: Bratislava 2025
Tags: Add Tag
No Tags, Be the first to tag this record!

MARC

LEADER 00000nbm a2200000 4500
001 0308973
005 20260211103821.3
041 0 |a eng 
044 |a SK 
245 1 0 |a An Analysis of the Common English Errors  |b bakalárska práca  |c Nicole Victoria Gillerová ; školiteľ: Eva Stradiotová 
264 1 |a Bratislava  |c 2025 
300 |a 47 s. 
100 1 |a Gillerová, Nicole Victoria 
700 1 |a Stradiotová, Eva, 1963- 
710 2 |a Fakulta aplikovaných jazykov EU v Bratislave. Katedra jazykovedy a translatológie